000 00338nam a2200133Ia 4500
008 151001s9999||||xx |||||||||||||| ||und||
100 _aअरुण हरकारे
245 _aकाही तासांसाठी
250 _a1
260 _bजिद्द
260 _c2011
300 _a192
365 _b21
999 _c997909
_d997906